[Event "EU Union-ch U12 19th"]
[Site "Mureck"]
[Date "2022.08.11"]
[Round "9"]
[White "Haselsberger, Roman"]
[Black "Koehalmi Szabo, Mihaly"]
[Result "0-1"]
[WhiteElo "1259"]
[BlackElo "1709"]
[PlyCount "40"]
[EventDate "2022.08.03"]
[EventType "swiss"]
[EventRounds "9"]
[EventCountry "AUT"]
[SourceTitle "EXT 2023"]
[Source "ChessBase"]
[SourceDate "2022.10.05"]
[SourceVersion "1"]
[SourceVersionDate "2022.10.05"]
[SourceQuality "1"]

1. e4 e5 2. Nf3 Nc6 3. Nc3 Nf6 4. d4 exd4 5. Nxd4 Bb4 6. Nxc6 bxc6 7. Bd3 h6 8. 0-0 0-0 9. h3 Re8 10. Re1 d5 11. exd5 Rxe1+ 12. Qxe1 cxd5 13. Bd2 Bb7 14. Nxd5 Qxd5 15. f3 Re8 16. Qd1 Bc5+ 17. Kh1 Nh5 18. Be1 Qd4 19. Bc3 Ng3+ 20. Kh2 Qf4 0-1

[Event "EU Union-ch U10 18th"]
[Site "Mureck"]
[Date "2021.08.08"]
[Round "5"]
[White "Raber, Eduard"]
[Black "Haselsberger, Roman"]
[Result "1-0"]
[WhiteElo "1195"]
[BlackElo "1136"]
[PlyCount "61"]
[EventDate "2021.08.04"]
[EventType "swiss"]
[EventRounds "9"]
[EventCountry "AUT"]
[SourceTitle "EXT 2022"]
[Source "ChessBase"]
[SourceDate "2021.10.06"]
[SourceVersion "1"]
[SourceVersionDate "2021.10.06"]
[SourceQuality "1"]

1. d4 d5 2. e3 Nf6 3. Nf3 Bf5 4. c4 e6 5. Nc3 c5 6. cxd5 exd5 7. dxc5 Bxc5 8. Bb5+ Nc6 9. Bxc6+ bxc6 10. 0-0 0-0 11. Bd2 Rb8 12. b3 Re8 13. Nd4 Bxd4 14. exd4 Qd6 15. Ne2 Bd3 16. Bf4 Bxe2 17. Bxd6 Rbd8 18. Qd2 Bxf1 19. Be5 Ne4 20. Qa5 Bd3 21. f3 Nd6 22. Bxd6 Rxd6 23. Qxa7 Rde6 24. Qa5 Re2 25. Qc3 Rc2 26. Qxd3 Ree2 27. Qxe2 Rxe2 28. a4 Rb2 29. Ra3 Kf8 30. Kf1 Rd2 31. a5 1-0

[Event "EU Union-ch U10 18th"]
[Site "Mureck"]
[Date "2021.08.06"]
[Round "3"]
[White "Popczynska, Michalina"]
[Black "Haselsberger, Roman"]
[Result "1/2-1/2"]
[WhiteElo "1156"]
[BlackElo "1136"]
[PlyCount "84"]
[EventDate "2021.08.04"]
[EventType "swiss"]
[EventRounds "9"]
[EventCountry "AUT"]
[SourceTitle "EXT 2022"]
[Source "ChessBase"]
[SourceDate "2021.10.06"]
[SourceVersion "1"]
[SourceVersionDate "2021.10.06"]
[SourceQuality "1"]

1. e4 e5 2. Nf3 Nf6 3. Nxe5 d6 4. Nf3 Nxe4 5. Nc3 Nxc3 6. dxc3 Be7 7. Be3 0-0 8. Be2 c6 9. Qd2 d5 10. h3 Bf5 11. g4 Be4 12. 0-0-0 Nd7 13. Rhg1 Bxf3 14. Bxf3 Ne5 15. Be2 h6 16. g5 hxg5 17. Bxg5 Bxg5 18. Qxg5 Qxg5+ 19. Rxg5 Rfe8 20. Rdg1 g6 21. f4 Nd7 22. Bd3 Kh7 23. f5 Ne5 24. fxg6+ fxg6 25. Bxg6+ Nxg6 26. Rxg6 Re7 27. R6g4 Kh8 28. Rh4+ Rh7 29. Rxh7+ Kxh7 30. Re1 Rb8 31. Re6 Kg7 32. Kd2 Kf7 33. Rh6 a6 34. Rh7+ Kg6 35. Rd7 Rh8 36. Rxb7 Rxh3 37. Re7 Kf6 38. Re2 c5 39. Re3 Rh2+ 40. Re2 Rh3 41. b4 cxb4 42. cxb4 Ra3 1/2-1/2

[Event "EU Union-ch U10 18th"]
[Site "Mureck"]
[Date "2021.08.05"]
[Round "2"]
[White "Haselsberger, Roman"]
[Black "Maklakova, Dafne"]
[Result "1-0"]
[WhiteElo "1136"]
[BlackElo "1111"]
[PlyCount "95"]
[EventDate "2021.08.04"]
[EventType "swiss"]
[EventRounds "9"]
[EventCountry "AUT"]
[SourceTitle "EXT 2022"]
[Source "ChessBase"]
[SourceDate "2021.10.06"]
[SourceVersion "1"]
[SourceVersionDate "2021.10.06"]
[SourceQuality "1"]

1. e4 e5 2. Nf3 Nc6 3. Bc4 Bc5 4. c3 Nf6 5. d3 0-0 6. Bg5 h6 7. Bh4 b6 8. 0-0 a5 9. Re1 Bb7 10. Nbd2 Ba6 11. Qc2 Bxc4 12. Nxc4 Qe7 13. Rad1 Qe6 14. b3 b5 15. Ne3 Bxe3 16. Rxe3 Ng4 17. Re2 Nf6 18. d4 exd4 19. Nxd4 Nxd4 20. cxd4 Rac8 21. Qc5 c6 22. Bxf6 Qxf6 23. Rd3 Qe6 24. Rg3 d5 25. e5 Qf5 26. Qc1 c5 27. h3 cxd4 28. Qxh6 g6 29. Qd2 Qb1+ 30. Re1 Rc2 31. Qd1 Qxa2 32. Qxd4 Qxb3 33. Rxb3 b4 34. Qxd5 Ra2 35. Rxb4 axb4 36. Qxa2 Rb8 37. Rb1 Rb5 38. Qa7 b3 39. Qa3 b2 40. Rxb2 Rxe5 41. Rb8+ Kg7 42. Qf8+ Kf6 43. Rb7 Kg5 44. Qxf7 Rf5 45. Qe7+ Kh6 46. h4 Kh5 47. f3 Rf7 48. Qg5# 1-0

[Event "AUT-ch U10 Online Rapid"]
[Site "Playchess.com INT"]
[Date "2020.12.13"]
[Round "6"]
[White "Dotzer, Lukas"]
[Black "Haselsberger, Roman"]
[Result "1/2-1/2"]
[WhiteElo "1944"]
[BlackElo "1576"]
[PlyCount "90"]
[EventDate "2020.12.13"]
[EventType "swiss (rapid)"]
[EventRounds "7"]
[EventCountry "AUT"]
[SourceTitle "EXT 2022"]
[Source "ChessBase"]
[SourceDate "2021.10.06"]
[SourceVersion "1"]
[SourceVersionDate "2021.10.06"]
[SourceQuality "1"]

1. e4 e5 2. Nf3 Nf6 3. d4 Nxe4 4. dxe5 d5 5. exd6 Bxd6 6. Bd3 Nf6 7. 0-0 0-0 8. h3 h6 9. Nbd2 c6 10. Re1 Re8 11. Nc4 Bc7 12. Bd2 Be6 13. Bc3 Nbd7 14. Qd2 Bd5 15. Rxe8+ Qxe8 16. Re1 Qf8 17. Nce5 Nxe5 18. Nxe5 Re8 19. f4 Rd8 20. Kh2 Nd7 21. Qf2 a6 22. Qg3 Nxe5 23. Bxe5 Bxe5 24. Rxe5 Re8 25. Rh5 Qd6 26. c4 Be4 27. Be2 Bg6 28. Re5 Rxe5 29. fxe5 Qd4 30. b3 Qd2 31. Bf3 Qxa2 32. e6 Qa3 33. h4 Qe7 34. h5 Bf5 35. exf7+ Qxf7 36. Qe5 Kh7 37. g4 Bc2 38. Kg3 Qf6 39. Qb8 Qe7 40. Qf4 Qe1+ 41. Kg2 Qe7 42. Kg3 Kg8 43. Qb8+ Kf7 44. Qf4+ Ke8 45. Qb8+ Kf7 1/2-1/2

[Event "AUT-chT District U18 Online Rapid"]
[Site "Playchess.com INT"]
[Date "2020.12.12"]
[Round "8"]
[White "Hiebner, Carina"]
[Black "Haselsberger, Roman"]
[Result "0-1"]
[WhiteElo "1598"]
[BlackElo "1508"]
[PlyCount "160"]
[EventDate "2020.12.12"]
[EventType "team-swiss (rapid)"]
[EventRounds "9"]
[EventCountry "AUT"]
[SourceTitle "EXT 2022"]
[Source "ChessBase"]
[SourceDate "2021.10.06"]
[SourceVersion "1"]
[SourceVersionDate "2021.10.06"]
[SourceQuality "1"]

1. d4 d5 2. Bf4 c5 3. e3 Nc6 4. c3 Bf5 5. Nd2 e6 6. Ngf3 Nf6 7. Be2 Bd6 8. Ne5 Qc7 9. Ndf3 0-0 10. 0-0 Be4 11. Nxc6 Bxf4 12. Nce5 Bxe5 13. Nxe5 Rac8 14. f3 Bg6 15. Rc1 b6 16. Qd2 Nd7 17. Nxg6 hxg6 18. e4 dxe4 19. fxe4 Rfd8 20. Qe3 Kf8 21. Qh3 Ke7 22. Qh4+ f6 23. Qg4 Rh8 24. h3 g5 25. Bc4 Nf8 26. d5 Rh4 27. Qe2 e5 28. Rcd1 Rd8 29. Rd2 Rd6 30. a4 a5 31. Bb5 Ng6 32. Qf3 Rf4 33. Qe2 Qd8 34. Rf3 Qh8 35. Rd1 Rxf3 36. Qxf3 Nf4 37. Kf2 Qh4+ 38. Qg3 Qxg3+ 39. Kxg3 Nh5+ 40. Kf3 Nf4 41. Rf1 g6 42. Rh1 f5 43. c4 fxe4+ 44. Kxe4 Nxg2 45. Rg1 Nf4 46. Rxg5 Nxh3 47. Rxe5+ Kf6 48. Re8 Nf2+ 49. Kf3 Nd3 50. Re2 Ne5+ 51. Kf2 Ng4+ 52. Kg3 Ne5 53. b3 g5 54. Rf2+ Kg6 55. Be8+ Kg7 56. Bb5 Rf6 57. Rxf6 Kxf6 58. d6 Ke6 59. d7 Nxd7 60. Bxd7+ Kxd7 61. Kg4 Ke6 62. Kxg5 Ke5 63. Kg6 Kd4 64. Kf6 Kc3 65. Ke6 Kxb3 66. Kd6 Kxc4 67. Kc6 Kb4 68. Kxb6 c4 69. Ka6 c3 70. Kb6 c2 71. Kb7 c1Q 72. Kb6 Qc5+ 73. Ka6 Kxa4 74. Kb7 Qd6 75. Kc8 Kb5 76. Kb7 Qd7+ 77. Ka8 a4 78. Kb8 a3 79. Ka8 Kb6 80. Kb8 Qb7# 0-1

[Event "AUT-ch U10 Online Blitz"]
[Site "Playchess.com INT"]
[Date "2020.12.11"]
[Round "7"]
[White "Haselsberger, Roman"]
[Black "Matthias, Liam"]
[Result "0-1"]
[WhiteElo "1562"]
[BlackElo "1575"]
[PlyCount "32"]
[EventDate "2020.12.11"]
[EventType "swiss (blitz)"]
[EventRounds "7"]
[EventCountry "AUT"]
[SourceTitle "EXT 2022"]
[Source "ChessBase"]
[SourceDate "2021.10.06"]
[SourceVersion "1"]
[SourceVersionDate "2021.10.06"]
[SourceQuality "1"]

1. e4 c6 2. d4 d5 3. exd5 cxd5 4. Bd3 Nc6 5. c3 Nf6 6. Bf4 e6 7. Nf3 Bd6 8. Bg3 0-0 9. 0-0 Bxg3 10. hxg3 Re8 11. Qc2 e5 12. dxe5 Nxe5 13. Re1 Nxf3+ 14. gxf3 Rxe1+ 15. Kg2 Qd7 16. Be2 Qh3# 0-1

[Event "AUT-ch U10 Online Blitz"]
[Site "Playchess.com INT"]
[Date "2020.12.11"]
[Round "4"]
[White "Kriha, Jonas"]
[Black "Haselsberger, Roman"]
[Result "0-1"]
[WhiteElo "1620"]
[BlackElo "1447"]
[PlyCount "76"]
[EventDate "2020.12.11"]
[EventType "swiss (blitz)"]
[EventRounds "7"]
[EventCountry "AUT"]
[SourceTitle "EXT 2022"]
[Source "ChessBase"]
[SourceDate "2021.10.06"]
[SourceVersion "1"]
[SourceVersionDate "2021.10.06"]
[SourceQuality "1"]

1. e4 e5 2. Nf3 Nf6 3. Nxe5 d6 4. Nf3 Nxe4 5. d3 Nf6 6. Nc3 Be7 7. Bg5 0-0 8. d4 Re8 9. Bc4 h6 10. Bxf6 Bxf6+ 11. Ne2 Bg4 12. h3 Bxf3 13. gxf3 Nc6 14. Qd3 Nxd4 15. 0-0-0 Nxe2+ 16. Kb1 Nd4 17. Rhg1 Ne6 18. Rg2 Nf4 19. Bxf7+ Kxf7 20. Qc4+ Ne6 21. Rdg1 Qd7 22. a3 Qc6 23. Qg4 Re7 24. Qg6+ Kf8 25. Qg4 Ke8 26. Qg6+ Kd7 27. Qg4 Rae8 28. f4 Kd8 29. f5 Ng5 30. Qa4 Qxa4 31. b3 Qxa3 32. c3 Bxc3 33. Kc2 Qb2+ 34. Kd3 Qd2+ 35. Kc4 d5+ 36. Kb5 a6+ 37. Ka4 b5+ 38. Ka3 Qb2# 0-1